| 000 | 00000nam##2200000za#4500 |
| 001 | 9.624380 |
| 003 | CaOODSP |
| 005 | 20220107134005 |
| 007 | ta |
| 008 | 150406|1990||||xxc||||| f|0| 0 fre|d |
| 020 | |a0-662-82129-7 |
| 040 | |aCaOODSP|bfre |
| 043 | |an-cn--- |
| 086 | 1 |aH72-22/2-1997F |
| 110 | 2 |aCentre national d'information sur la violence dans la famille (Canada) |
| 245 | 10|aL'agression sexuelle d'enfants / |cPréparé sous la direction de Tom Hay et David Allen. |
| 260 | |aOttawa - Ontario : |bSanté Canada. |c1990, révisé 1997. |
| 300 | |a9p. : |bréférences ; |c28 cm. |
| 490 | 1 |aRenseignements du Centre national d'information sur la violence dans la famille |
| 500 | |aN.B.: Le numéro ISBN (0-662-24593-8) imprimé dans cette publication est incorrect. |
| 563 | |aCouverture souple |
| 590 | |a97-21|b1997-05-23 |
| 720 | 1 |aHay, Tom |
| 720 | 1 |aAllen, David |
| 776 | 0#|tL'agression sexuelle d'enfants / |w(CaOODSP)9.603023 |
| 830 | #0|aRenseignements du Centre national d'information sur la violence dans la famille.|w(CaOODSP)9.513100 |